2021 Movies Blurred - Statistics

General Stats
  • This quiz has been taken 4 times
  • The average score is 24 of 50
Answer Stats
Picture Answer % Correct
Black Widow
100%
Cruella
100%
Encanto
100%
Luca
100%
Raya And The Last Dragon
100%
Spider-Man: No Way Home
100%
The Boss Baby: Family Business
100%
The Matrix Resurrections
100%
Venom: Let There Be Carnage
100%
Fast & Furious 9
67%
Free Guy
67%
Mortal Kombat
67%
Peter Rabbit 2
67%
The Black Phone
67%
Army Of The Dead
33%
Chaos Walking
33%
Copshop
33%
Dear Evan Hansen
33%
Don’t Look Up
33%
Eternals
33%
Everybody’s Talking About Jamie
33%
Fatherhood
33%
Ghostbusters: Afterlife
33%
Godzilla vs. Kong
33%
Gunpowder Milkshake
33%
Hitman’s Wife’s Bodyguard
33%
House Of Gucci
33%
In The Heights
33%
Judas And The Black Messiah
33%
Jungle Cruise
33%
Last Night In Soho
33%
Nightmare Alley
33%
Nobody
33%
Outside The Wire
33%
Resident Evil: Welcome To Raccoon City
33%
Ron’s Gone Wrong
33%
Shang-Chi And The Legend Of The Ten Rings
33%
Stillwater
33%
The Harder They Fall
33%
The Ice Road
33%
The Protégé
33%
The Suicide Squad
33%
The Tomorrow War
33%
tick, tick... BOOM!
33%
Vacation Friends
33%
Vivo
33%
West Side Story
33%
Wrath Of Man
33%
YES DAY
33%
Zack Snyder’s Justice League
33%
No matching quizzes found
Score Distribution
Percent of People with Each Score
Percentile by Number Answered
Your Score History
You have not taken this quiz